The dynamics of inorganic nitrogen in soil during the growing season of winter wheat as dependent on agrotechnical measures

Bibliographic Details
Main Authors: Ondrišík, Peter, 1957- (Author), Urminská, Jana, 1972- (Author), Kantor, Martin (Author)
Format: Article
Language:Slovak
English
PhysicalDescription:Obr., tab.
ISSN:1335-258X
Subjects:

MARC

LEADER 00000nab a2200000 a 4500
001 vtls008183107
003 SK-MaSNL
005 20260304134714.0
008 250505c2004 xo mr|p|||||||000 b|slo
015 |a SNBRB2005/07  |2 snkbucl 
035 |a (uuid)c284b3e0-b9f8-49a2-b3a9-e80a3ad9e087 
035 |a urn:nbn:sk:snk-ab2dic 
035 |a (urnnbn)urn:nbn:sk:snk:ar-a027hp 
038 |a SNKBUCL 
040 |a SNKBUCL  |b slo  |c SNKBUCL  |e AACR2 
041 0 |a eng  |b eng  |b slo 
044 |a xo  |c SK 
080 |a 631.416.1:631.5  |2 1997 
080 |a 631.92  |2 1997 
100 1 |a Ondrišík, Peter,  |d 1957-  |4 aut  |9 217732 
245 1 4 |a The dynamics of inorganic nitrogen in soil during the growing season of winter wheat as dependent on agrotechnical measures  |c Peter Ondrišík, Jana Urminská, Martin Kantor 
246 3 1 |a Dynamika anorganického dusíka v pôde počas vegetácie pšenice letnej f. ozimnej v závislosti od agrotechnických opatrení 
300 |b Obr., tab. 
504 |a Bibliogr. odkazy 
546 |a Res. angl., slov. 
650 0 7 |a pôda  |2 snkbucl  |9 1159 
650 0 7 |a dusík  |2 snkbucl  |9 15945 
650 0 7 |a agrotechnika  |2 snkbucl  |9 680 
650 0 7 |a ozimná pšenica  |2 snkbucl  |9 28625 
700 1 |a Urminská, Jana,  |d 1972-  |4 aut  |9 188596 
700 1 |a Kantor, Martin  |4 aut  |9 821846 
773 0 |t Acta fytotechnica et zootechnica  |g Roč. 7, č. 1 (2004), s. 14-19  |x 1335-258X 
850 |a Slovenská národná knižnica 
852 |a Slovenská národná knižnica 
958 |a article27 
958 |a NB 
958 |a OND 
958 |a EUIPO 
999 |c 2907813  |d 2909743